[Event "83rd ch-BLR 2017"]
[Site "Minsk BLR"]
[Date "2017.01.19"]
[Round "10.1"]
[White "Zhigalko, Andrey"]
[Black "Stupak, Kirill"]
[Result "0-1"]
[WhiteTitle "GM"]
[BlackTitle "GM"]
[WhiteElo "2599"]
[BlackElo "2562"]
[WhiteFideId "13502247"]
[BlackFideId "13503758"]
[EventDate "2017.01.10"]

1. e4 e6 2. d4 d5 3. Nc3 Nc6 4. e5 f6 5. Bb5 Bd7 6. Nf3 Qe7 7. O-O Qf7 8. Re1
Nge7 9. b4 a6 10. Bf1 fxe5 11. b5 axb5 12. Nxb5 Rc8 13. dxe5 h6 14. Bb2 Ng6 15.
c4 dxc4 16. Rc1 Bc5 17. Rxc4 Bb6 18. Rg4 O-O 19. Qd3 Be8 20. Qc2 Nf4 21. Ba3 Qf5
22. Qxf5 Rxf5 23. Bc4 Na5 24. Rxf4 Nxc4 25. Rxc4 Bxb5 26. Rb4 Bc6 27. Nd4 Rf7
28. Rc1 Ra8 29. Bb2 Rxa2 30. Nxc6 bxc6 31. Rc2 Rd7 32. Kf1 Rd1+ 33. Ke2 Rg1 34.
g3 Rh1 35. Rbc4 Rxh2 36. Kf3 Rxf2+ 37. Rxf2 Bxf2 38. Bc1 c5 39. Rg4 g5 40. Rc4
Bd4 0-1

[Event "83rd ch-BLR 2017"]
[Site "Minsk BLR"]
[Date "2017.01.19"]
[Round "10.2"]
[White "Azarov, Sergei"]
[Black "Kovalev, Vladislav"]
[Result "1/2-1/2"]
[WhiteTitle "GM"]
[BlackTitle "GM"]
[WhiteElo "2594"]
[BlackElo "2595"]
[WhiteFideId "13501470"]
[BlackFideId "13504398"]
[EventDate "2017.01.10"]

1. e4 e5 2. Nf3 Nc6 3. Bb5 a6 4. Ba4 Nf6 5. O-O Be7 6. Re1 b5 7. Bb3 d6 8. c3
O-O 9. h3 Bb7 10. d4 Nd7 11. a4 Na5 12. Ba2 c5 13. Na3 cxd4 14. cxd4 bxa4 15.
Qxa4 exd4 16. Bd2 Nc6 17. Nxd4 Nxd4 18. Qxd4 Rc8 19. Nc4 Ne5 20. Ba5 Qe8 21. Bc3
Bf6 22. Nxd6 Nf3+ 23. gxf3 Bxd4 24. Nxe8 Bxc3 25. bxc3 Rfxe8 26. Red1 Rc7 27.
Rd3 Rec8 28. Kg2 Kf8 29. Bd5 Bxd5 30. Rxd5 Rc6 31. h4 Rg6+ 32. Rg5 Rh6 33. Ra3
Rxh4 34. Rxa6 1/2-1/2

[Event "83rd ch-BLR 2017"]
[Site "Minsk BLR"]
[Date "2017.01.19"]
[Round "10.3"]
[White "Badelka, Olga"]
[Black "Kocheev, Aleksandr"]
[Result "1/2-1/2"]
[WhiteElo "2293"]
[BlackElo "2319"]
[WhiteFideId "13509926"]
[BlackFideId "13507842"]
[EventDate "2017.01.10"]

1. c4 c6 2. e4 e5 3. Nc3 Nf6 4. d4 d6 5. Nf3 Nbd7 6. Be2 Be7 7. O-O O-O 8. Re1
Qc7 9. h3 Re8 10. Be3 exd4 11. Nxd4 Bf8 12. Qc2 Nc5 13. Bf3 a5 14. b3 h6 15.
Rad1 a4 16. b4 Ncd7 17. a3 Ne5 18. Be2 Ng6 19. Bf1 Bd7 20. Nf5 d5 21. exd5 Re5
22. Nd4 cxd5 23. Ndb5 Qc8 24. c5 Bf5 25. Qb2 Nh4 26. Nd4 Be4 27. f3 Bh7 28. Bf2
Rxe1 29. Rxe1 Nf5 30. Qd2 g5 31. Re5 Ne7 32. h4 g4 33. Re1 gxf3 34. gxf3 Ng6 35.
h5 Nxh5 36. Nxd5 Qd8 37. Nf5 Nhf4 38. Nde7+ Nxe7 39. Nxe7+ Bxe7 40. Qxf4 Bg5 41.
Qd6 Qc8 42. Qg3 Qf5 43. f4 Qxf4 44. Qxf4 Bxf4 45. Bg2 Rb8 46. b5 Kf8 47. b6 Bf5
48. Rd1 Be5 49. Rd5 f6 50. Bd4 Re8 51. Bxe5 fxe5 52. Rd6 Bc8 53. Kf2 h5 54. Ke3
h4 55. Rh6 h3 56. Bxh3 Kg7 57. Bxc8 Rxc8 58. Rd6 Rxc5 59. Rd7+ Kf6 60. Rxb7 Rc3+
61. Ke4 Rxa3 62. Ra7 Rb3 1/2-1/2

[Event "83rd ch-BLR 2017"]
[Site "Minsk BLR"]
[Date "2017.01.19"]
[Round "10.4"]
[White "Nikitenko, Mihail"]
[Black "Zhigalko, Sergei"]
[Result "1/2-1/2"]
[BlackTitle "GM"]
[WhiteElo "2395"]
[BlackElo "2662"]
[WhiteFideId "13506862"]
[BlackFideId "13502956"]
[EventDate "2017.01.10"]

1. e4 e5 2. Nf3 Nc6 3. Bb5 a6 4. Ba4 Nf6 5. O-O Be7 6. Re1 b5 7. Bb3 d6 8. c3
O-O 9. d3 Na5 10. Bc2 c5 11. Nbd2 Nc6 12. Nf1 h6 13. h3 Re8 14. Ng3 Be6 15. d4
cxd4 16. cxd4 exd4 17. Nxd4 Nxd4 18. Qxd4 Rc8 19. Bb3 d5 20. e5 Nd7 21. Be3 Bc5
22. Qd1 Bb4 23. Bd2 Bc5 24. Be3 Bb4 25. Bd2 Bc5 1/2-1/2

[Event "83rd ch-BLR 2017"]
[Site "Minsk BLR"]
[Date "2017.01.19"]
[Round "10.5"]
[White "Zarubitski, Viachaslau"]
[Black "Aleksandrov, Aleksej"]
[Result "1/2-1/2"]
[WhiteTitle "FM"]
[BlackTitle "GM"]
[WhiteElo "2321"]
[BlackElo "2565"]
[WhiteFideId "13509373"]
[BlackFideId "13500139"]
[EventDate "2017.01.10"]

1. e4 e5 2. Nf3 Nc6 3. Bb5 Nf6 4. O-O Nxe4 5. Re1 Nd6 6. Nxe5 Be7 7. Bf1 Nf5 8.
c3 Nxe5 9. Rxe5 d6 10. Re1 O-O 11. d4 d5 12. Bf4 a5 13. Bd3 Nh4 14. Nd2 Bf5 15.
Bxf5 Nxf5 16. Qg4 g6 17. Re2 a4 18. Rae1 Bd6 19. Bxd6 Nxd6 20. Nf3 a3 21. b3 Ne4
22. Rc1 Re8 23. Ne5 Kg7 24. f3 Nd6 25. Rce1 h6 26. Qf4 Qg5 27. Nd3 Rxe2 28. Rxe2
Nb5 29. Qxg5 hxg5 30. Rc2 Ra6 31. Nb4 Rd6 32. Kf2 b6 33. Ke3 c5 34. Na6 Rc6 35.
Kd3 Kf6 36. Nb8 Rd6 37. Na6 Rc6 38. Nb8 Rc7 39. dxc5 bxc5 40. c4 Nd4 41. Rc1 Rb7
42. Na6 Nxb3 43. axb3 Rxb3+ 44. Kc2 dxc4 45. Rb1 Re3 46. Kd2 a2 47. Ra1 Ra3 48.
Nxc5 Ke5 49. Ne4 g4 50. Nc3 gxf3 51. gxf3 Kf4 52. Rxa2 Rxa2+ 53. Nxa2 Kxf3 54.
Kc3 f5 55. Kxc4 f4 56. Kd3 Kg2 57. Nc3 f3 58. Nd1 Kxh2 59. Ke3 Kg3 60. Nf2 g5
61. Ne4+ Kg2 62. Nf2 Kg3 63. Ne4+ Kg2 64. Nf2 g4 65. Nxg4 f2 66. Nxf2 1/2-1/2

[Event "83rd ch-BLR 2017"]
[Site "Minsk BLR"]
[Date "2017.01.19"]
[Round "10.6"]
[White "Fedorov, Alexei"]
[Black "Filipets, Egor"]
[Result "1-0"]
[WhiteTitle "GM"]
[WhiteElo "2576"]
[BlackElo "2316"]
[WhiteFideId "13500465"]
[BlackFideId "13503928"]
[EventDate "2017.01.10"]

1. e4 d6 2. d4 Nf6 3. f3 e5 4. d5 Be7 5. Be3 c6 6. c4 O-O 7. Nc3 Na6 8. Nge2 Nd7
9. Qd2 Ndc5 10. Ng3 Qa5 11. Rc1 Bh4 12. Be2 cxd5 13. cxd5 f5 14. exf5 Bxf5 15.
O-O Bg6 16. Rfd1 Bd8 17. Kh1 Bb6 18. Bc4 Rac8 19. a3 Na4 20. b4 Bxe3 21. Qxe3
Qb6 22. Qxb6 Nxb6 23. Bb3 Nc7 24. Kg1 Rfd8 25. Nf1 a6 26. a4 a5 27. bxa5 Nd7 28.
Ne3 Nc5 29. Bc2 Be8 30. Rb1 N7a6 31. Nb5 Nc7 32. Bf5 Nxb5 33. axb5 Ra8 34. Nc4
g6 35. Be4 Kf8 36. Kf2 Ke7 37. Ke3 Ra7 38. Rdc1 Rc8 39. a6 Nxe4 40. Nb6 Rxc1 41.
Rxc1 Bd7 42. Nxd7 Kxd7 43. fxe4 bxa6 44. b6 Rb7 45. Rc6 Rb8 46. Rc7+ Kd8 47.
Rxh7 Rxb6 48. Rg7 Rb3+ 49. Kf2 a5 50. Rxg6 Kc7 51. Rg7+ Kb6 52. Rd7 Kc5 53. h4
a4 54. h5 a3 55. Ra7 Kd4 56. Ra4+ Kc3 57. h6 Kb2 58. Ra8 Rb7 59. g4 a2 60. g5
Rh7 61. Kg3 Rh8 62. Ra7 a1=Q 63. Rxa1 Kxa1 64. Kg4 Kb2 65. Kh5 Kc3 66. g6 1-0

[Event "83rd ch-BLR 2017"]
[Site "Minsk BLR"]
[Date "2017.01.20"]
[Round "11.1"]
[White "Filipets, Egor"]
[Black "Zhigalko, Andrey"]
[Result "1-0"]
[BlackTitle "GM"]
[WhiteElo "2316"]
[BlackElo "2599"]
[WhiteFideId "13503928"]
[BlackFideId "13502247"]
[EventDate "2017.01.10"]

1. c4 e5 2. g3 Nf6 3. Bg2 h6 4. Nc3 Bb4 5. Qb3 a5 6. a3 Bxc3 7. Qxc3 d6 8. b4
axb4 9. axb4 Rxa1 10. Qxa1 Nc6 11. Qa4 O-O 12. Bb2 e4 13. f3 Ne5 14. Qc2 Be6 15.
fxe4 Nxc4 16. Bc1 d5 17. d3 Ne5 18. Nf3 Nxf3+ 19. exf3 dxe4 20. dxe4 Qd4 21. Qc5
Qd3 22. Qe3 Qc4 23. Qc5 Qd3 24. Qe3 Qc4 25. Qc5 Ra8 26. Qxc4 Bxc4 27. Kd2 Ra2+
28. Kc3 Rxg2 29. Kxc4 Rf2 30. e5 Nd7 31. f4 Nb6+ 32. Kd3 Nd5 33. Bd2 c6 34. Ra1
Rxh2 35. Ra8+ Kh7 36. Ra7 Rh3 37. Rxb7 Rxg3+ 38. Kc2 Kg6 39. Rd7 h5 40. b5 h4
41. bxc6 h3 42. Rxd5 h2 43. c7 h1=Q 44. Rd6+ Kh5 45. c8=Q Qe4+ 46. Kb2 g5 47.
Qc7 f5 48. Qc6 Qe2 49. Qd5 Rg2 50. e6 gxf4 51. Qxf5+ Rg5 52. Qf7+ Kh4 53. Qxf4+
Rg4 54. Qh6+ Kg3 55. Qe3+ Qxe3 56. Bxe3 Re4 57. Bc5 1-0

[Event "83rd ch-BLR 2017"]
[Site "Minsk BLR"]
[Date "2017.01.20"]
[Round "11.2"]
[White "Aleksandrov, Aleksej"]
[Black "Fedorov, Alexei"]
[Result "1/2-1/2"]
[WhiteTitle "GM"]
[BlackTitle "GM"]
[WhiteElo "2565"]
[BlackElo "2576"]
[WhiteFideId "13500139"]
[BlackFideId "13500465"]
[EventDate "2017.01.10"]

1. d4 Nf6 2. c4 g6 3. Nc3 Bg7 4. e4 d6 5. Nf3 O-O 6. Be2 e5 7. O-O Nc6 8. d5 Ne7
9. b4 a5 10. Ba3 axb4 11. Bxb4 b6 12. a4 Re8 13. Re1 Bf8 14. Nd2 c5 15. Ba3 Bg7
16. Bb2 Rf8 17. Nb5 Ne8 18. Bc3 f5 19. Ra3 Bh6 20. Bd3 Nf6 21. f3 fxe4 22. fxe4
Ng4 23. Nf1 g5 24. Ra2 Ng6 25. Ng3 Nf4 26. Bb1 Nxh2 27. Nxd6 g4 1/2-1/2

[Event "83rd ch-BLR 2017"]
[Site "Minsk BLR"]
[Date "2017.01.20"]
[Round "11.3"]
[White "Zhigalko, Sergei"]
[Black "Zarubitski, Viachaslau"]
[Result "1/2-1/2"]
[WhiteTitle "GM"]
[BlackTitle "FM"]
[WhiteElo "2662"]
[BlackElo "2321"]
[WhiteFideId "13502956"]
[BlackFideId "13509373"]
[EventDate "2017.01.10"]

1. e4 c5 2. Nf3 e6 3. d4 cxd4 4. Nxd4 Nc6 5. Nc3 Qc7 6. Be3 a6 7. a3 Nf6 8. f4
d5 9. e5 Nd7 10. Qg4 Nc5 11. Be2 Bd7 12. O-O g6 13. Kh1 Na4 14. Nxa4 Nxd4 15.
Bxd4 Bxa4 16. c3 Bb5 17. Bxb5+ axb5 18. Rad1 h5 19. Qe2 Qc4 20. Qe3 Be7 21. Rf3
Kd7 22. g3 Rac8 23. Kg2 Rh7 24. h3 Qb3 25. Rd2 Qc4 26. Qe1 Rhh8 27. Qd1 Qa4 28.
b3 Qxa3 29. c4 Bb4 30. Rdf2 bxc4 31. bxc4 Qa5 32. cxd5 Qxd5 33. Qa4+ b5 34. Qxb4 1/2-1/2

[Event "83rd ch-BLR 2017"]
[Site "Minsk BLR"]
[Date "2017.01.20"]
[Round "11.4"]
[White "Kocheev, Aleksandr"]
[Black "Nikitenko, Mihail"]
[Result "1-0"]
[WhiteElo "2319"]
[BlackElo "2395"]
[WhiteFideId "13507842"]
[BlackFideId "13506862"]
[EventDate "2017.01.10"]

1. e4 d6 2. d4 Nf6 3. Nc3 g6 4. Bg5 Bg7 5. Qd2 h6 6. Bf4 g5 7. Be3 Ng4 8. O-O-O
Nc6 9. h4 Nxe3 10. Qxe3 e6 11. hxg5 hxg5 12. Rxh8+ Bxh8 13. d5 Ne5 14. Bb5+ c6
15. Be2 Bf6 16. Kb1 a6 17. Na4 exd5 18. exd5 c5 19. Nf3 Qe7 20. Nb6 Rb8 21. Nxc8
Rxc8 22. Nd2 Kd7 23. Ne4 Rh8 24. Qb3 Kc8 25. Qb6 Rd8 26. f3 Bg7 27. g4 Bf8 28.
b4 Nd7 29. Qa7 Nb8 30. bxc5 Qc7 31. cxd6 Rxd6 32. Nxd6+ Bxd6 33. Qd4 Nd7 34.
Qh8+ Nf8 35. Bd3 Kb8 36. Bf5 Qc5 37. Qb2 Bf4 38. a4 Bd6 39. Ka2 Ng6 40. Bxg6
fxg6 41. Rd3 Qc4+ 42. Qb3 Qf4 43. Rd1 Be5 44. d6 Bxd6 45. Rb1 b5 46. axb5 axb5
47. Qxb5+ Kc7 48. Qb8+ Kd7 49. Rb7+ Ke6 50. Qg8+ Ke5 51. Qg7+ Kd5 52. Qf7+ Ke5
53. Rb5+ Kd4 54. Qd5+ Ke3 55. Qd3+ Kf2 56. c4 Kg3 57. Rb1 Bc5 58. Qe2 Bd4 59.
Rb3 Kh3 60. Rd3 Bb6 61. Rd2 Qc7 62. Qg2+ Kh4 63. Qh2+ Qxh2 64. Rxh2+ Kg3 65. Rb2
Bc5 66. Rb3 Kf4 67. Rd3 1-0

[Event "83rd ch-BLR 2017"]
[Site "Minsk BLR"]
[Date "2017.01.20"]
[Round "11.5"]
[White "Kovalev, Vladislav"]
[Black "Badelka, Olga"]
[Result "1-0"]
[WhiteTitle "GM"]
[WhiteElo "2595"]
[BlackElo "2293"]
[WhiteFideId "13504398"]
[BlackFideId "13509926"]
[EventDate "2017.01.10"]

1. e4 c5 2. Nf3 Nc6 3. Nc3 e5 4. Bc4 Be7 5. d3 d6 6. O-O Nf6 7. Ng5 O-O 8. f4
Bg4 9. Qe1 exf4 10. h3 Bh5 11. Bxf4 Nd4 12. Qd2 Qd7 13. g4 Bg6 14. a4 a6 15. Nd5
Nxd5 16. Bxd5 Ne6 17. a5 Bf6 18. Ra3 Nxf4 19. Qxf4 Bxb2 20. Rb3 Be5 21. Qd2 Rab8
22. Nf3 Bf6 23. Rfb1 h5 24. Rxb7 Rxb7 25. Rxb7 Qc8 26. Qf4 c4 27. d4 c3 28. g5
Bd8 29. Nh4 Kh7 30. Nxg6 Kxg6 31. Qxd6+ Bf6 32. gxf6 Qxh3 33. fxg7+ Kxg7 34.
Qe5+ 1-0